[Event "Heldur Valgmäe I Rapid Memorial"]
[Site "Viljandi, Estonia"]
[Date "2021.07.03"]
[Round "6.4"]
[White "Shvyrjov, Igor"]
[Black "Miezis, Normunds"]
[Result "0-1"]
[WhiteElo "2285"]
[BlackElo "2437"]

1. d4 {[%clk 00:15:01]} {[%emt 00:00:01]} Nf6 {[%clk 00:14:59]} {[%emt
00:00:05]} 2. Nf3 {[%clk 00:15:02]} {[%emt 00:00:02]} e6 {[%clk 00:14:58]}
{[%emt 00:00:03]} 3. g3 {[%clk 00:15:01]} {[%emt 00:00:03]} b5 {[%clk
00:14:55]} {[%emt 00:00:05]} 4. Bg2 {[%clk 00:15:01]} {[%emt 00:00:01]} Bb7
{[%clk 00:14:54]} {[%emt 00:00:03]} 5. O-O {[%clk 00:15:01]} {[%emt 00:00:03]}
c5 {[%clk 00:14:53]} {[%emt 00:00:03]} 6. a4 {[%clk 00:14:39]} {[%emt
00:00:24]} b4 {[%clk 00:14:47]} {[%emt 00:00:07]} 7. c3 {[%clk 00:13:14]}
{[%emt 00:01:28]} Na6 {[%clk 00:14:16]} {[%emt 00:00:33]} 8. Bg5 {[%clk
00:12:58]} {[%emt 00:00:17]} Be7 {[%clk 00:13:56]} {[%emt 00:00:22]} 9. Nbd2
{[%clk 00:12:50]} {[%emt 00:00:10]} bxc3 {[%clk 00:13:20]} {[%emt 00:00:37]} 10.
bxc3 {[%clk 00:12:51]} {[%emt 00:00:02]} cxd4 {[%clk 00:13:10]} {[%emt
00:00:12]} 11. cxd4 {[%clk 00:12:51]} {[%emt 00:00:02]} Nb4 {[%clk 00:13:08]}
{[%emt 00:00:03]} 12. a5 {[%clk 00:09:13]} {[%emt 00:03:41]} Rb8 {[%clk
00:12:35]} {[%emt 00:00:35]} 13. Ne5 {[%clk 00:06:04]} {[%emt 00:03:12]} Bxg2
{[%clk 00:11:01]} {[%emt 00:01:36]} 14. Kxg2 {[%clk 00:06:04]} {[%emt
00:00:02]} O-O {[%clk 00:09:23]} {[%emt 00:01:40]} 15. Qa4 {[%clk 00:05:55]}
{[%emt 00:00:12]} Nbd5 {[%clk 00:06:18]} {[%emt 00:03:06]} 16. Bxf6 {[%clk
00:04:25]} {[%emt 00:01:33]} Nxf6 {[%clk 00:05:25]} {[%emt 00:00:55]} 17. Rfb1
{[%clk 00:04:07]} {[%emt 00:00:20]} Qc7 {[%clk 00:05:17]} {[%emt 00:00:09]} 18.
Rxb8 {[%clk 00:02:35]} {[%emt 00:01:35]} Rxb8 {[%clk 00:05:15]} {[%emt
00:00:04]} 19. Ndf3 {[%clk 00:01:29]} {[%emt 00:01:09]} Bd6 {[%clk 00:05:02]}
{[%emt 00:00:15]} 20. Ra2 {[%clk 00:01:16]} {[%emt 00:00:15]} a6 {[%clk
00:04:52]} {[%emt 00:00:11]} 21. Rc2 {[%clk 00:01:16]} {[%emt 00:00:02]} Qd8
{[%clk 00:04:03]} {[%emt 00:00:51]} 22. Nc4 {[%clk 00:01:16]} {[%emt 00:00:02]}
Bc7 {[%clk 00:04:01]} {[%emt 00:00:04]} 23. Nfe5 {[%clk 00:00:59]} {[%emt
00:00:19]} Rb5 {[%clk 00:03:47]} {[%emt 00:00:15]} 24. f3 {[%clk 00:00:47]}
{[%emt 00:00:15]} h6 {[%clk 00:03:36]} {[%emt 00:00:13]} 25. Qa3 {[%clk
00:00:36]} {[%emt 00:00:13]} Nd5 {[%clk 00:02:49]} {[%emt 00:00:48]} 26. Nd3
{[%clk 00:00:29]} {[%emt 00:00:09]} Bxa5 {[%clk 00:02:40]} {[%emt 00:00:12]} 27.
Ra2 {[%clk 00:00:27]} {[%emt 00:00:04]} Bb6 {[%clk 00:02:28]} {[%emt 00:00:13]}
28. Qxa6 {[%clk 00:00:26]} {[%emt 00:00:03]} Nc7 {[%clk 00:02:17]} {[%emt
00:00:14]} 29. Qa4 {[%clk 00:00:13]} {[%emt 00:00:15]} Bxd4 {[%emt 00:00:03]}
30. Nd6 {[%emt 00:00:01]} Rd5 {[%clk 00:02:14]} {[%emt 00:00:03]} 31. Nc4
{[%clk 00:00:10]} {[%emt 00:00:07]} Bf6 {[%clk 00:02:04]} {[%emt 00:00:12]} 32.
Nf4 {[%clk 00:00:09]} {[%emt 00:00:03]} Rd4 {[%clk 00:02:04]} {[%emt 00:00:02]}
33. Qb3 {[%clk 00:00:09]} {[%emt 00:00:03]} Nd5 {[%clk 00:02:01]} {[%emt
00:00:04]} 34. e3 {[%clk 00:00:08]} {[%emt 00:00:04]} Rxc4 {[%clk 00:02:01]}
{[%emt 00:00:02]} 35. Nxd5 {[%clk 00:00:09]} exd5 {[%clk 00:02:00]} {[%emt
00:00:02]} 36. Ra7 {[%clk 00:00:08]} {[%emt 00:00:03]} Qc8 {[%clk 00:01:57]}
{[%emt 00:00:05]} 37. Rb7 {[%clk 00:00:05]} {[%emt 00:00:06]} Rc2+ {[%emt
00:00:05]} 38. Kh3 Rb2 {[%clk 00:01:51]} {[%emt 00:00:05]} 39. Rb8 {[%clk
00:00:06]} {[%emt 00:00:03]} Qxb8 {[%emt 00:00:02]} 40. Qxd5 0-1

[Event "Heldur Valgmäe I Rapid Memorial"]
[Site "Viljandi, Estonia"]
[Date "2021.07.03"]
[Round "7.1"]
[White "Laurusas, Tomas"]
[Black "Kulaots, Kaido"]
[Result "1-0"]
[WhiteElo "2576"]
[BlackElo "2560"]

1. d4 {[%clk 00:15:02]} Nf6 {[%clk 00:15:03]} {[%emt 00:00:02]} 2. c4 {[%clk
00:15:02]} {[%emt 00:00:02]} g6 {[%clk 00:15:03]} {[%emt 00:00:01]} 3. Nc3
{[%clk 00:14:17]} {[%emt 00:00:47]} d5 {[%clk 00:14:56]} {[%emt 00:00:09]} 4.
cxd5 {[%clk 00:14:18]} {[%emt 00:00:01]} Nxd5 {[%clk 00:14:56]} {[%emt
00:00:01]} 5. e4 {[%clk 00:14:19]} Nxc3 {[%clk 00:14:57]} {[%emt 00:00:03]} 6.
bxc3 {[%clk 00:14:20]} {[%emt 00:00:01]} Bg7 {[%clk 00:14:57]} {[%emt
00:00:02]} 7. Nf3 {[%clk 00:14:21]} c5 {[%clk 00:14:56]} {[%emt 00:00:05]} 8.
Be3 {[%clk 00:14:21]} {[%emt 00:00:01]} Qa5 {[%clk 00:14:35]} {[%emt 00:00:22]}
9. Qd2 {[%clk 00:14:22]} {[%emt 00:00:02]} O-O {[%clk 00:14:22]} {[%emt
00:00:15]} 10. Rc1 {[%clk 00:13:57]} {[%emt 00:00:27]} Rd8 {[%clk 00:13:55]}
{[%emt 00:00:30]} 11. d5 {[%clk 00:13:43]} {[%emt 00:00:16]} e6 {[%clk
00:13:50]} {[%emt 00:00:07]} 12. c4 {[%clk 00:13:43]} {[%emt 00:00:02]} Qa3
{[%clk 00:10:42]} {[%emt 00:03:10]} 13. Be2 {[%clk 00:13:24]} {[%emt 00:00:20]}
b6 {[%clk 00:09:59]} {[%emt 00:00:44]} 14. O-O {[%clk 00:12:42]} {[%emt
00:00:43]} Nc6 {[%clk 00:09:42]} {[%emt 00:00:21]} 15. Bg5 {[%clk 00:11:22]}
{[%emt 00:01:22]} f6 {[%clk 00:08:49]} {[%emt 00:00:55]} 16. Bh4 {[%clk
00:08:23]} {[%emt 00:03:02]} Nb4 {[%clk 00:07:04]} {[%emt 00:01:46]} 17. e5
{[%clk 00:07:47]} {[%emt 00:00:37]} Rf8 {[%clk 00:06:25]} {[%emt 00:00:41]} 18.
exf6 {[%clk 00:06:39]} {[%emt 00:01:11]} Bxf6 {[%clk 00:06:26]} {[%emt
00:00:02]} 19. Bxf6 {[%clk 00:06:24]} {[%emt 00:00:18]} Rxf6 {[%clk 00:06:26]}
{[%emt 00:00:01]} 20. d6 {[%clk 00:06:17]} {[%emt 00:00:09]} Qxa2 {[%clk
00:05:58]} {[%emt 00:00:30]} 21. Qg5 {[%clk 00:03:48]} {[%emt 00:02:30]} Kg7
{[%clk 00:03:21]} {[%emt 00:02:38]} 22. Qe5 {[%clk 00:03:48]} {[%emt 00:00:03]}
Nc6 {[%clk 00:03:06]} {[%emt 00:00:17]} 23. Qe4 {[%clk 00:03:36]} {[%emt
00:00:12]} Bb7 {[%clk 00:02:38]} {[%emt 00:00:32]} 24. Rc2 {[%clk 00:03:13]}
{[%emt 00:00:25]} Qb3 {[%clk 00:02:26]} {[%emt 00:00:14]} 25. Rd2 {[%clk
00:03:01]} {[%emt 00:00:14]} Rd8 {[%clk 00:02:10]} {[%emt 00:00:18]} 26. d7
{[%clk 00:02:50]} {[%emt 00:00:13]} Qc3 {[%clk 00:01:54]} {[%emt 00:00:18]} 27.
Rfd1 {[%clk 00:02:45]} {[%emt 00:00:07]} Ba8 {[%clk 00:01:31]} {[%emt
00:00:25]} 28. Qh4 {[%clk 00:02:38]} {[%emt 00:00:09]} h6 {[%clk 00:01:21]}
{[%emt 00:00:12]} 29. Rd6 {[%clk 00:02:36]} {[%emt 00:00:03]} Qc2 {[%clk
00:01:06]} {[%emt 00:00:17]} 30. Bf1 {[%emt 00:00:38]} g5 {[%clk 00:00:53]}
{[%emt 00:00:13]} 31. Qg3 {[%clk 00:02:01]} {[%emt 00:00:03]} Qf5 {[%clk
00:00:44]} {[%emt 00:00:12]} 32. h4 {[%clk 00:01:35]} {[%emt 00:00:28]} g4
{[%clk 00:00:45]} {[%emt 00:00:01]} 33. Rxc6 {[%clk 00:01:02]} {[%emt
00:00:35]} Bxc6 {[%clk 00:00:38]} {[%emt 00:00:09]} 34. Ne5 {[%clk 00:01:03]}
{[%emt 00:00:01]} Bb7 {[%clk 00:00:31]} {[%emt 00:00:09]} 35. Nxg4 {[%clk
00:00:58]} {[%emt 00:00:07]} Rg6 {[%clk 00:00:30]} {[%emt 00:00:03]} 36. Qc3+
{[%clk 00:00:59]} Kg8 {[%clk 00:00:24]} {[%emt 00:00:08]} 37. f3 {[%clk
00:00:54]} {[%emt 00:00:08]} Rxg4 {[%clk 00:00:09]} {[%emt 00:00:17]} 38. fxg4
{[%clk 00:00:52]} {[%emt 00:00:04]} Qxg4 {[%clk 00:00:10]} {[%emt 00:00:01]} 39.
Qf6 {[%clk 00:00:52]} {[%emt 00:00:02]} 1-0

[Event "Heldur Valgmäe I Rapid Memorial"]
[Site "Viljandi, Estonia"]
[Date "2021.07.03"]
[Round "7.2"]
[White "Seeman, Tarvo"]
[Black "Pultinevicius, Paulius"]
[Result "0-1"]
[WhiteElo "2426"]
[BlackElo "2519"]

1. Nf3 {[%clk 00:15:03]} g6 {[%clk 00:15:03]} {[%emt 00:00:02]} 2. e4 {[%clk
00:14:55]} {[%emt 00:00:10]} Bg7 {[%clk 00:15:04]} {[%emt 00:00:01]} 3. d4
{[%clk 00:14:55]} {[%emt 00:00:01]} c6 {[%clk 00:15:02]} {[%emt 00:00:04]} 4.
Bd3 {[%clk 00:14:43]} {[%emt 00:00:14]} d5 {[%clk 00:14:48]} {[%emt 00:00:15]}
5. e5 {[%clk 00:14:42]} {[%emt 00:00:03]} Nh6 {[%clk 00:14:19]} {[%emt
00:00:31]} 6. O-O {[%clk 00:14:15]} {[%emt 00:00:29]} O-O {[%clk 00:14:14]}
{[%emt 00:00:07]} 7. Re1 {[%clk 00:13:58]} {[%emt 00:00:19]} f6 {[%clk
00:13:28]} {[%emt 00:00:48]} 8. exf6 {[%clk 00:13:52]} {[%emt 00:00:08]} exf6
{[%clk 00:13:28]} {[%emt 00:00:02]} 9. h3 {[%clk 00:12:39]} {[%emt 00:01:15]}
Nf7 {[%clk 00:13:21]} {[%emt 00:00:09]} 10. c4 {[%clk 00:12:21]} {[%emt
00:00:20]} Re8 {[%clk 00:07:41]} {[%emt 00:05:42]} 11. Rxe8+ {[%clk 00:12:20]}
{[%emt 00:00:03]} Qxe8 {[%clk 00:07:42]} 12. cxd5 {[%clk 00:12:16]} {[%emt
00:00:06]} cxd5 {[%clk 00:07:43]} 13. Nc3 {[%clk 00:12:17]} {[%emt 00:00:01]}
Be6 {[%clk 00:07:45]} {[%emt 00:00:01]} 14. Bf4 {[%clk 00:09:59]} {[%emt
00:02:19]} Qd7 {[%clk 00:07:40]} {[%emt 00:00:07]} 15. Nb5 {[%clk 00:08:51]}
{[%emt 00:01:10]} Nc6 {[%clk 00:04:52]} {[%emt 00:02:50]} 16. Nc7 {[%clk
00:08:49]} {[%emt 00:00:03]} Rc8 {[%clk 00:04:53]} 17. Nxe6 {[%clk 00:08:47]}
{[%emt 00:00:04]} Qxe6 {[%clk 00:04:54]} 18. Qb3 {[%clk 00:07:44]} {[%emt
00:01:07]} Qd7 {[%clk 00:04:39]} {[%emt 00:00:17]} 19. Rc1 {[%clk 00:07:33]}
{[%emt 00:00:13]} Bh6 {[%clk 00:04:40]} {[%emt 00:00:02]} 20. Bxh6 {[%clk
00:07:24]} {[%emt 00:00:10]} Nxh6 {[%clk 00:04:40]} {[%emt 00:00:02]} 21. Rc5
{[%clk 00:05:00]} {[%emt 00:02:26]} Ne7 {[%clk 00:04:35]} {[%emt 00:00:07]} 22.
Qc3 {[%clk 00:03:31]} {[%emt 00:01:31]} b6 {[%clk 00:03:47]} {[%emt 00:00:51]}
23. Rxc8+ {[%clk 00:03:11]} {[%emt 00:00:22]} Qxc8 {[%clk 00:03:48]} {[%emt
00:00:01]} 24. Qxc8+ {[%clk 00:02:56]} {[%emt 00:00:17]} Nxc8 {[%clk 00:03:49]}
{[%emt 00:00:01]} 25. Ne1 {[%clk 00:02:32]} {[%emt 00:00:26]} Nd6 {[%clk
00:03:46]} {[%emt 00:00:05]} 26. Nc2 {[%clk 00:02:25]} {[%emt 00:00:09]} Kf7
{[%clk 00:03:22]} {[%emt 00:00:26]} 27. Kf1 {[%clk 00:02:03]} {[%emt 00:00:24]}
Ke6 {[%clk 00:03:16]} {[%emt 00:00:08]} 28. Ke2 {[%clk 00:02:04]} {[%emt
00:00:01]} Ng8 {[%clk 00:03:08]} {[%emt 00:00:10]} 29. g4 {[%clk 00:01:33]}
{[%emt 00:00:34]} Ne7 {[%clk 00:02:59]} {[%emt 00:00:11]} 30. Ke3 {[%clk
00:01:21]} {[%emt 00:00:13]} h6 {[%clk 00:02:45]} {[%emt 00:00:16]} 31. h4
{[%clk 00:01:03]} {[%emt 00:00:20]} g5 {[%clk 00:02:14]} {[%emt 00:00:32]} 32.
hxg5 {[%clk 00:01:02]} {[%emt 00:00:03]} fxg5 {[%clk 00:02:14]} {[%emt
00:00:02]} 33. b3 {[%clk 00:00:59]} {[%emt 00:00:05]} Ne8 {[%clk 00:01:51]}
{[%emt 00:00:24]} 34. Kd2 {[%clk 00:00:38]} {[%emt 00:00:24]} Nc7 {[%clk
00:01:45]} {[%emt 00:00:08]} 35. Ne3 {[%clk 00:00:35]} {[%emt 00:00:05]} Kf6
{[%clk 00:01:47]} 36. a4 {[%clk 00:00:25]} {[%emt 00:00:12]} a5 {[%clk
00:01:29]} {[%emt 00:00:20]} 37. Kc3 {[%clk 00:00:21]} {[%emt 00:00:06]} Ne6
{[%clk 00:01:30]} 38. f3 {[%clk 00:00:13]} {[%emt 00:00:10]} Nf4 {[%clk
00:01:30]} {[%emt 00:00:02]} 39. Bf1 {[%clk 00:00:14]} {[%emt 00:00:01]} Neg6
{[%clk 00:01:19]} {[%emt 00:00:13]} 40. Kd2 {[%clk 00:00:04]} {[%emt 00:00:12]}
Nh4 {[%clk 00:01:18]} {[%emt 00:00:02]} 41. Be2 {[%clk 00:00:06]} Ke6 {[%clk
00:01:13]} {[%emt 00:00:07]} 42. Bd1 {[%clk 00:00:07]} Kd7 {[%clk 00:00:57]}
{[%emt 00:00:18]} 43. Kc3 {[%clk 00:00:07]} {[%emt 00:00:01]} Kc6 {[%clk
00:00:58]} {[%emt 00:00:01]} 44. b4 {[%clk 00:00:09]} Kd6 {[%clk 00:00:59]}
{[%emt 00:00:01]} 45. bxa5 {[%clk 00:00:10]} {[%emt 00:00:01]} bxa5 {[%clk
00:01:00]} 46. Kd2 {[%clk 00:00:11]} Ke6 {[%clk 00:01:00]} {[%emt 00:00:02]} 47.
Kc3 {[%clk 00:00:12]} {[%emt 00:00:01]} Nh3 {[%clk 00:01:01]} 48. Kd2 {[%clk
00:00:11]} {[%emt 00:00:03]} Ng1 {[%clk 00:01:01]} {[%emt 00:00:02]} 49. Ke1
{[%clk 00:00:09]} {[%emt 00:00:03]} Ngxf3+ {[%clk 00:01:01]} {[%emt 00:00:03]}
50. Kf2 {[%clk 00:00:10]} {[%emt 00:00:01]} Nxd4 {[%clk 00:01:01]} {[%emt
00:00:02]} 51. Kg3 {[%clk 00:00:06]} {[%emt 00:00:06]} Ke5 {[%clk 00:01:00]}
{[%emt 00:00:02]} 0-1

[Event "Heldur Valgmäe I Rapid Memorial"]
[Site "Viljandi, Estonia"]
[Date "2021.07.03"]
[Round "7.3"]
[White "Miezis, Normunds"]
[Black "Kiik, Kalle"]
[Result "1-0"]
[WhiteElo "2437"]
[BlackElo "2424"]

1. c4 {[%clk 00:15:01]} {[%emt 00:00:02]} e6 {[%clk 00:14:46]} {[%emt
00:00:19]} 2. e4 {[%clk 00:14:57]} {[%emt 00:00:06]} d5 {[%clk 00:14:45]}
{[%emt 00:00:02]} 3. exd5 {[%clk 00:14:54]} {[%emt 00:00:05]} exd5 {[%clk
00:14:45]} {[%emt 00:00:02]} 4. d4 {[%clk 00:14:52]} {[%emt 00:00:04]} Nf6
{[%clk 00:14:44]} {[%emt 00:00:03]} 5. Nc3 {[%clk 00:14:48]} {[%emt 00:00:07]}
Bb4 {[%clk 00:14:31]} {[%emt 00:00:15]} 6. Nf3 {[%clk 00:14:35]} {[%emt
00:00:15]} O-O {[%clk 00:14:26]} {[%emt 00:00:07]} 7. Be2 {[%clk 00:14:33]}
{[%emt 00:00:04]} dxc4 {[%clk 00:14:11]} {[%emt 00:00:17]} 8. Bxc4 {[%clk
00:14:29]} {[%emt 00:00:05]} Re8+ {[%clk 00:13:05]} {[%emt 00:01:08]} 9. Be3
{[%clk 00:14:24]} {[%emt 00:00:07]} Be6 {[%clk 00:11:56]} {[%emt 00:01:11]} 10.
Bxe6 {[%clk 00:14:13]} {[%emt 00:00:14]} Rxe6 {[%clk 00:11:53]} {[%emt
00:00:04]} 11. O-O {[%clk 00:14:09]} {[%emt 00:00:06]} Nbd7 {[%clk 00:11:08]}
{[%emt 00:00:47]} 12. Bg5 {[%clk 00:12:30]} {[%emt 00:01:40]} Qf8 {[%clk
00:10:48]} {[%emt 00:00:23]} 13. Nb5 {[%clk 00:11:44]} {[%emt 00:00:48]} Nd5
{[%clk 00:09:33]} {[%emt 00:01:17]} 14. Rc1 {[%clk 00:10:47]} {[%emt 00:01:00]}
c6 {[%clk 00:08:57]} {[%emt 00:00:38]} 15. Nc3 {[%clk 00:10:44]} {[%emt
00:00:05]} N7b6 {[%clk 00:08:32]} {[%emt 00:00:27]} 16. Qd3 {[%clk 00:09:39]}
{[%emt 00:01:06]} Rae8 {[%clk 00:08:10]} {[%emt 00:00:24]} 17. Bd2 {[%clk
00:09:31]} {[%emt 00:00:10]} f6 {[%clk 00:07:57]} {[%emt 00:00:16]} 18. Nh4
{[%clk 00:09:07]} {[%emt 00:00:26]} g6 {[%clk 00:07:35]} {[%emt 00:00:25]} 19.
h3 {[%clk 00:08:21]} {[%emt 00:00:47]} Bd6 {[%clk 00:07:29]} {[%emt 00:00:09]}
20. a3 {[%clk 00:06:38]} {[%emt 00:01:46]} R8e7 {[%clk 00:07:08]} {[%emt
00:00:22]} 21. Nf3 {[%clk 00:04:40]} {[%emt 00:02:00]} Qe8 {[%clk 00:06:54]}
{[%emt 00:00:16]} 22. b4 {[%clk 00:04:19]} {[%emt 00:00:24]} Nxc3 {[%clk
00:06:46]} {[%emt 00:00:11]} 23. Bxc3 {[%clk 00:04:15]} {[%emt 00:00:06]} Nd5
{[%clk 00:06:45]} {[%emt 00:00:03]} 24. Bd2 {[%clk 00:04:14]} {[%emt 00:00:03]}
Bf4 {[%clk 00:06:35]} {[%emt 00:00:12]} 25. b5 {[%clk 00:03:41]} {[%emt
00:00:36]} Bxd2 {[%clk 00:05:42]} {[%emt 00:00:54]} 26. Qxd2 {[%clk 00:03:39]}
{[%emt 00:00:04]} cxb5 {[%clk 00:05:31]} {[%emt 00:00:14]} 27. Rc5 {[%clk
00:03:30]} {[%emt 00:00:10]} Qd7 {[%clk 00:05:17]} {[%emt 00:00:16]} 28. Rfc1
{[%clk 00:03:14]} {[%emt 00:00:17]} Kg7 {[%clk 00:05:04]} {[%emt 00:00:14]} 29.
g3 {[%clk 00:02:03]} {[%emt 00:01:13]} Rd6 {[%clk 00:04:56]} {[%emt 00:00:11]}
30. Kg2 {[%clk 00:01:58]} {[%emt 00:00:07]} a6 {[%clk 00:04:17]} {[%emt
00:00:41]} 31. Qd3 {[%clk 00:01:32]} {[%emt 00:00:27]} Nb6 {[%clk 00:03:47]}
{[%emt 00:00:33]} 32. Rc7 {[%clk 00:01:22]} {[%emt 00:00:12]} Qxc7 {[%clk
00:03:34]} {[%emt 00:00:15]} 33. Rxc7 {[%clk 00:01:22]} {[%emt 00:00:03]} Rxc7
{[%clk 00:03:35]} {[%emt 00:00:01]} 34. h4 {[%clk 00:01:15]} {[%emt 00:00:09]}
Nc4 {[%clk 00:03:17]} {[%emt 00:00:20]} 35. h5 {[%clk 00:01:14]} {[%emt
00:00:03]} Rcd7 {[%clk 00:03:15]} {[%emt 00:00:05]} 36. Qe4 {[%clk 00:00:54]}
{[%emt 00:00:20]} Rd5 {[%clk 00:03:00]} {[%emt 00:00:18]} 37. Qe8 {[%clk
00:00:52]} {[%emt 00:00:04]} gxh5 {[%clk 00:02:35]} {[%emt 00:00:27]} 38. Nh4
{[%clk 00:00:52]} {[%emt 00:00:02]} Rf7 {[%clk 00:02:21]} {[%emt 00:00:16]} 39.
Qe6 {[%clk 00:00:52]} {[%emt 00:00:02]} Rg5 {[%clk 00:01:25]} {[%emt 00:00:59]}
40. Nf5+ {[%clk 00:00:38]} {[%emt 00:00:15]} Rxf5 {[%clk 00:01:22]} {[%emt
00:00:05]} 41. Qxf5 {[%clk 00:00:38]} {[%emt 00:00:02]} Nxa3 {[%clk 00:01:22]}
{[%emt 00:00:03]} 42. Qxh5 {[%clk 00:00:35]} {[%emt 00:00:04]} Nc4 {[%clk
00:01:24]} {[%emt 00:00:01]} 43. d5 {[%clk 00:00:35]} {[%emt 00:00:02]} Kf8
{[%clk 00:01:12]} {[%emt 00:00:14]} 44. Qg4 {[%clk 00:00:31]} {[%emt 00:00:05]}
f5 {[%clk 00:01:09]} {[%emt 00:00:06]} 45. Qg5 {[%clk 00:00:27]} {[%emt
00:00:03]} Ke8 {[%clk 00:01:09]} {[%emt 00:00:05]} 46. Qg8+ {[%clk 00:00:26]}
{[%emt 00:00:03]} Ke7 {[%clk 00:01:09]} {[%emt 00:00:02]} 47. Qc8 {[%clk
00:00:25]} {[%emt 00:00:02]} Kf6 {[%clk 00:00:56]} {[%emt 00:00:15]} 48. Qe6+
{[%clk 00:00:25]} {[%emt 00:00:02]} Kg7 {[%clk 00:00:53]} {[%emt 00:00:06]} 49.
d6 {[%clk 00:00:26]} {[%emt 00:00:01]} Nb6 {[%clk 00:00:53]} {[%emt 00:00:02]}
50. Qe5+ {[%clk 00:00:26]} {[%emt 00:00:02]} Kg8 {[%clk 00:00:51]} {[%emt
00:00:04]} 51. Qe8+ {[%clk 00:00:25]} {[%emt 00:00:03]} Kg7 {[%clk 00:00:51]}
{[%emt 00:00:02]} 52. Qe5+ {[%clk 00:00:25]} {[%emt 00:00:02]} Kg8 {[%clk
00:00:52]} 53. Qe6 {[%clk 00:00:24]} {[%emt 00:00:03]} Nd7 {[%clk 00:00:51]}
{[%emt 00:00:03]} 54. Qe8+ {[%clk 00:00:22]} {[%emt 00:00:03]} Kg7 {[%clk
00:00:52]} {[%emt 00:00:01]} 55. Qc8 {[%clk 00:00:23]} {[%emt 00:00:02]} Nf6
{[%clk 00:00:48]} {[%emt 00:00:06]} 56. Qc3 {[%clk 00:00:22]} {[%emt 00:00:03]}
Kg6 {[%clk 00:00:46]} {[%emt 00:00:04]} 57. Qe5 {[%clk 00:00:22]} {[%emt
00:00:02]} b4 {[%clk 00:00:45]} {[%emt 00:00:04]} 58. Qe6 {[%clk 00:00:17]}
{[%emt 00:00:07]} a5 {[%clk 00:00:44]} {[%emt 00:00:02]} 59. f3 {[%clk
00:00:17]} {[%emt 00:00:02]} a4 {[%clk 00:00:45]} {[%emt 00:00:02]} 60. g4
{[%clk 00:00:17]} {[%emt 00:00:01]} fxg4 {[%clk 00:00:45]} {[%emt 00:00:02]} 61.
fxg4 {[%clk 00:00:17]} {[%emt 00:00:01]} b3 {[%clk 00:00:44]} {[%emt 00:00:03]}
62. g5 {[%clk 00:00:16]} {[%emt 00:00:02]} Kxg5 {[%clk 00:00:44]} {[%emt
00:00:02]} 63. Qxf7 {[%clk 00:00:17]} {[%emt 00:00:02]} Ne4 {[%clk 00:00:42]}
{[%emt 00:00:05]} 64. d7 {[%clk 00:00:17]} {[%emt 00:00:02]} 1-0

[Event "Heldur Valgmäe I Rapid Memorial"]
[Site "Viljandi, Estonia"]
[Date "2021.07.03"]
[Round "7.4"]
[White "Soot, Margus"]
[Black "Chukavin, Kirill"]
[Result "0-1"]
[WhiteElo "2343"]
[BlackElo "2471"]

1. e4 {[%clk 00:15:02]} c5 {[%clk 00:14:59]} {[%emt 00:00:06]} 2. Nc3 {[%clk
00:15:03]} {[%emt 00:00:01]} Nc6 {[%clk 00:14:54]} {[%emt 00:00:07]} 3. g3
{[%clk 00:14:53]} {[%emt 00:00:12]} g6 {[%clk 00:14:54]} {[%emt 00:00:02]} 4.
Bg2 {[%clk 00:14:53]} Bg7 {[%clk 00:14:54]} {[%emt 00:00:03]} 5. d3 {[%clk
00:14:41]} {[%emt 00:00:15]} d6 {[%clk 00:14:47]} {[%emt 00:00:09]} 6. Nge2
{[%clk 00:14:35]} {[%emt 00:00:07]} e6 {[%clk 00:14:32]} {[%emt 00:00:18]} 7.
h4 {[%clk 00:14:28]} {[%emt 00:00:08]} h5 {[%clk 00:13:23]} {[%emt 00:01:11]} 8.
Bg5 {[%clk 00:14:26]} {[%emt 00:00:04]} Nge7 {[%clk 00:13:11]} {[%emt
00:00:14]} 9. Qd2 {[%clk 00:14:22]} {[%emt 00:00:06]} Rb8 {[%clk 00:13:01]}
{[%emt 00:00:12]} 10. a4 {[%clk 00:14:15]} {[%emt 00:00:10]} a6 {[%clk
00:13:01]} {[%emt 00:00:02]} 11. O-O {[%clk 00:14:13]} {[%emt 00:00:03]} b5
{[%clk 00:12:54]} {[%emt 00:00:09]} 12. axb5 {[%clk 00:14:14]} {[%emt
00:00:02]} axb5 {[%clk 00:12:55]} 13. Nd1 {[%clk 00:13:59]} {[%emt 00:00:17]}
Bb7 {[%clk 00:12:45]} {[%emt 00:00:11]} 14. c3 {[%clk 00:13:59]} {[%emt
00:00:01]} Qb6 {[%clk 00:12:22]} {[%emt 00:00:25]} 15. Bf4 {[%clk 00:13:45]}
{[%emt 00:00:17]} Rd8 {[%clk 00:12:13]} {[%emt 00:00:11]} 16. Kh2 {[%clk
00:13:12]} {[%emt 00:00:34]} Ne5 {[%clk 00:12:00]} {[%emt 00:00:15]} 17. f3
{[%clk 00:13:07]} {[%emt 00:00:08]} d5 {[%clk 00:11:34]} {[%emt 00:00:29]} 18.
Qc2 {[%clk 00:12:49]} {[%emt 00:00:20]} dxe4 {[%clk 00:10:14]} {[%emt
00:01:21]} 19. dxe4 {[%clk 00:12:47]} {[%emt 00:00:04]} O-O {[%clk 00:10:08]}
{[%emt 00:00:09]} 20. Bg5 {[%clk 00:12:24]} {[%emt 00:00:24]} Rd7 {[%clk
00:09:52]} {[%emt 00:00:18]} 21. Nf2 {[%clk 00:11:55]} {[%emt 00:00:31]} N7c6
{[%clk 00:08:12]} {[%emt 00:01:42]} 22. Rad1 {[%clk 00:11:52]} {[%emt
00:00:05]} Rxd1 {[%clk 00:08:10]} {[%emt 00:00:04]} 23. Rxd1 {[%clk 00:11:44]}
{[%emt 00:00:10]} c4 {[%clk 00:08:06]} {[%emt 00:00:07]} 24. Nc1 {[%clk
00:10:49]} {[%emt 00:00:56]} f6 {[%clk 00:04:26]} {[%emt 00:03:42]} 25. Bf4
{[%clk 00:10:47]} {[%emt 00:00:04]} g5 {[%clk 00:04:26]} {[%emt 00:00:02]} 26.
Bd2 {[%clk 00:10:30]} {[%emt 00:00:19]} Qxf2 {[%emt 00:00:13]} 0-1